000 00308nam a22001217a 4500
008 180309b xxu||||| |||| 00| 0 eng d
041 _aeng
080 _a941
100 _a16
101 _aHIS
245 _aPolitics and the Constitution in the History of the United States
_cCrosskey, W.W
942 _2udc
_cBK
999 _c44638
_d44638